A-Z Questions d'histoire et de géographie - Statistiques

Statistiques générales
  • Ce quiz a été pris 261 fois
  • Le résultat moyen est 20 sur 25
Statistiques - réponses
Hint
Réponse % Correct
E. La première puissance mondiale États-Unis
97%
F. Armée la plus puissante de l'Union Européenne France
97%
D. Pays qui possède le Groenland Danemark
96%
J. Partage une frontière avec "l'Israël" et l'état de Palestine (Cisjordanie) Jordanie
93%
Q. Pays qui finance le Paris Saint-Germain (PSG) Qatar
93%
B. Pays ayant colonisé la République Démocratique du Congo Belgique
92%
H. Pays d'Amérique Centrale sur le continent (n'étant pas une île ou sur une île) Honduras
89%
S. Les Alpes constituent 60% du territoire Suisse
89%
A. Formait autrefois un seul et même empire avec la Hongrie Autriche
88%
K. Pays que la Serbie veut "récupérer" Kosovo
87%
P. En éternelle guerre froide face à l'Inde Pakistan
87%
U. Victime d'attaques suite à l'oppression russe Ukraine
84%
O. Pays en Afrique Ouganda
83%
C. Autrefois une partie de la Yougoslavie Croatie
82%
Z. Partage une frontière avec la Zambie Zimbabwe
82%
Y. Seul pays commençant par Y Yémen
80%
G. Plus grand rival de la Turquie Grèce
78%
N. Plus haut sommet du monde Népal
77%
W. Le Pays de Galles en anglais Wales
76%
I. Est devenu un seul et même pays en 1861 Italie
73%
V. Pays ayant vaincu la France, les États-Unis et la Chine au XXe siècle Vietnam
63%
M. Ancien membre de l'union soviétique Moldavie
60%
T. La tradition de quel pays dit que les amulettes "Nazar boncuk" protègent du Mauvais Œil Turquie
52%
L. Pays le plus bombardé au monde Laos
39%
R. Autrefois le plus grand empire de l'histoire Royaume-Uni
30%
Aucun quiz correspondant
Distribution des résultats
% des personnes avec chaque résultat
Percentile par nombre de réponses
Votre historique - résultats
Vous n’avez pas pris ce quiz